• 首页
  • 本馆介绍
  • 公告通知
  • 最新文献
  • 馆藏检索
  • 电子资源
  • 读者导购
  • 参考咨询
  • 我的图书馆
  • 登录
  • 详细信息显示
  • 放入我的书架
  • 预约/预借图书
  • 作者相关作品
  • 分类相关作品
  • 丛书相关作品
  • 出版社相关作品

书目信息

  • 表格格式
  • 工作单格式
  • 卡片格式
题名:
“沙恩霍斯特”号覆灭记
    
 
作者: 田树珍 编著
分册:  
出版信息: 北京   民主与建设出版社  2020.05
页数: 228页
开本: 24cm
丛书名: 经典百年海战大观
单 册:
中图分类: E195.2 , E925.61
科图分类:
主题词: 第二次世界大战战役--di er ci shi jie da zhan zhan yi--海战--史料 , 战列舰--zhan lie jian--德国--1943--史料
电子资源:
ISBN: 978-7-5139-2559-4
000 01038nam 2200277 450
001 CAL 0120202978285
005 20230217093113.0
010    @a978-7-5139-2559-4@dCNY49.80
100    @a20200424d2020 em y0chiy0120 ea
101 0  @achi
102    @aCN@b110000
105    @aa z 000yy
106    @ar
200 1  @a“沙恩霍斯特”号覆灭记@A“ sha en huo si te ” hao fu mie ji@f田树珍编著
210    @a北京@c民主与建设出版社@d2020.05
215    @a228页@c图@d24cm
225 2  @a经典百年海战大观@Ajing dian bai nian hai zhan da guan
330    @a本书是二战纳粹德国著名战舰“沙恩霍斯特”号的战记, 描写了其最终覆灭的过程。主要内容包括: 英德海军竞争、德军被迫“外围作战”、克罗内尔海战、福克兰海战等。
410  0 @12001 @a经典百年海战大观
606 0  @a第二次世界大战战役@Adi er ci shi jie da zhan zhan yi@x海战@x史料
606 0  @a战列舰@Azhan lie jian@y德国@z1943@x史料
690    @aE195.2@v5
690    @aE925.61@v5
701  0 @a田树珍@Atian shu zhen@4编著
801  0 @aCN@bBJXHZP@c20230228
905    @b1387550-3@dE195.2@e158@f4
    
    “沙恩霍斯特”号覆灭记/田树珍编著.-北京:民主与建设出版社,2020.05
    228页:图;24cm.-(经典百年海战大观)
    
    
    ISBN 978-7-5139-2559-4:CNY49.80
    本书是二战纳粹德国著名战舰“沙恩霍斯特”号的战记, 描写了其最终覆灭的过程。主要内容包括: 英德海军竞争、德军被迫“外围作战”、克罗内尔海战、福克兰海战等。
●
相关链接 在E读中查询图书 在五车中查询图书 在当当中查询图书 在豆瓣中查询图书


正题名:"沙恩霍斯特"号覆灭记     索取号:E195.2/158         预约/预借

序号 登录号 条形码 馆藏地/架位号 状态 备注
1 1387550   213875500   第一样本阅览室/ [索取号:E195.2/158] 在馆    
2 1387551   213875519   第一借阅区/ [索取号:E195.2/158] 在馆    
3 1387552   213875528   第一借阅区/ [索取号:E195.2/158] 在馆    
4 1387553   213875537   第一借阅区/ [索取号:E195.2/158] 已借出,限还日期为2027.03.17
借出人:丁新龙  
 
唐山师范学院图书馆 欢迎您!
大连网信软件有限公司© 版权所有